[Event "CAN-op"]
[Site "Winnipeg CAN"]
[Date "1997.07.16"]
[Round "6"]
[White "Castaneda, Nelson"]
[Black "Vera, Reynaldo"]
[Result "0-1"]
[WhiteElo "2310"]
[BlackElo "2530"]
[PlyCount "72"]
[GameId "2160767911932668"]
[EventDate "1997.07.12"]
[EventType "swiss"]
[EventRounds "10"]
[EventCountry "CAN"]
[SourceTitle "CBM 060 Extra"]
[Source "ChessBase"]
[SourceDate "1997.11.04"]
[SourceVersion "1"]
[SourceVersionDate "1997.11.04"]
[SourceQuality "1"]

1. e4 c5 2. Nf3 d6 3. d4 cxd4 4. Nxd4 Nf6 5. Nc3 a6 6. Bg5 e6 7. f4 Be7 8. Qf3 Qc7 9. O-O-O Nbd7 10. g4 b5 11. Bxf6 Nxf6 12. g5 Nd7 13. Bd3 b4 14. Nce2 Bb7 15. Kb1 g6 16. h4 Nc5 17. h5 O-O-O 18. Rh2 Kb8 19. Qe3 e5 20. Nf3 d5 21. exd5 exf4 22. Nxf4 Bd6 23. Rh4 Rhe8 24. Qd4 a5 25. hxg6 hxg6 26. a3 bxa3 27. c4 Na4 28. b3 Nb2 29. Bc2 Bc5 30. Qf6 Rd6 31. Qg7 Rb6 32. Re1 Rxe1+ 33. Nxe1 Nxc4 34. Rh8+ Ka7 35. Nfd3 Nd2+ 36. Kc1 Bd4 0-1

[Event "CAN-op"]
[Site "Winnipeg CAN"]
[Date "1997.07.16"]
[Round "6"]
[White "Gardner, Robert"]
[Black "Kollar, Frank"]
[Result "0-1"]
[WhiteElo "2305"]
[BlackElo "2157"]
[PlyCount "76"]
[GameId "2160767911932669"]
[EventDate "1997.07.12"]
[EventType "swiss"]
[EventRounds "10"]
[EventCountry "CAN"]
[SourceTitle "EXP 60"]
[Source "ChessBase"]
[SourceDate "1997.11.24"]
[SourceVersion "1"]
[SourceVersionDate "1997.11.24"]
[SourceQuality "1"]

1. e4 c5 2. Nf3 e6 3. d4 cxd4 4. Nxd4 Nc6 5. c4 Nf6 6. Nxc6 bxc6 7. Bd3 d5 8. exd5 cxd5 9. O-O Be7 10. cxd5 Nxd5 11. Be4 O-O 12. Qd3 g6 13. Bh6 Re8 14. Nc3 Bb7 15. Rfd1 Bf6 16. Nxd5 exd5 17. Bf3 Qd7 18. Rab1 Rad8 19. Qb3 Bc6 20. Qc2 Rc8 21. Qd2 d4 22. Bxc6 Qxc6 23. Rbc1 Qd5 24. Rxc8 Rxc8 25. b3 Qf5 26. Re1 d3 27. Qe3 Qd7 28. g3 Bc3 29. Rd1 d2 30. Kg2 f6 31. h4 Kf7 32. Qe2 Qc6+ 33. Kh2 Rd8 34. Be3 a5 35. Kg1 Qd5 36. f3 Re8 37. Kg2 Qe6 38. Kf2 Bd4 0-1

[Event "CAN-op"]
[Site "Winnipeg CAN"]
[Date "1997.07.16"]
[Round "6"]
[White "Gorelik, Lev"]
[Black "Murey, Jacob"]
[Result "1/2-1/2"]
[WhiteElo "2248"]
[BlackElo "2440"]
[PlyCount "93"]
[GameId "2160767911932670"]
[EventDate "1997.07.12"]
[EventType "swiss"]
[EventRounds "10"]
[EventCountry "CAN"]
[SourceTitle "EXP 60"]
[Source "ChessBase"]
[SourceDate "1997.11.24"]
[SourceVersion "1"]
[SourceVersionDate "1997.11.24"]
[SourceQuality "1"]

1. e4 c5 2. Nf3 Nc6 3. Bb5 Nf6 4. Nc3 e5 5. O-O d6 6. d3 Be7 7. Nd5 Nxd5 8. exd5 a6 9. Ba4 Qa5 10. c4 b5 11. Bd2 Qxa4 12. b3 Qa3 13. dxc6 O-O 14. Ne1 e4 15. Nc2 Qb2 16. dxe4 bxc4 17. bxc4 Qb6 18. Ne3 Qxc6 19. Nd5 Bd8 20. Ba5 Qd7 21. Qd2 Bb7 22. Bxd8 Raxd8 23. Rab1 f5 24. Rfe1 fxe4 25. Rxe4 Rde8 26. Rbe1 Rxe4 27. Rxe4 Re8 28. Qe2 Rxe4 29. Qxe4 h6 30. f3 Kh8 31. Qe7 Qxe7 32. Nxe7 Kh7 33. Nf5 d5 34. Nd6 Bc6 35. cxd5 Bxd5 36. a3 Kg6 37. Kf2 Kf6 38. Ke3 Ke5 39. Nc8 g5 40. Nb6 Be6 41. Kd3 Kd6 42. Na4 Bd7 43. Nc3 Bf5+ 44. Kc4 h5 45. a4 Be6+ 46. Kd3 Bf5+ 47. Kc4 1/2-1/2

[Event "CAN-op"]
[Site "Winnipeg CAN"]
[Date "1997.07.16"]
[Round "6"]
[White "Gould, Charles"]
[Black "Kulczycki, Michael"]
[Result "1/2-1/2"]
[WhiteElo "2033"]
[BlackElo "1722"]
[PlyCount "98"]
[GameId "2160767911932671"]
[EventDate "1997.07.12"]
[EventType "swiss"]
[EventRounds "10"]
[EventCountry "CAN"]
[SourceTitle "EXP 60"]
[Source "ChessBase"]
[SourceDate "1997.11.24"]
[SourceVersion "1"]
[SourceVersionDate "1997.11.24"]
[SourceQuality "1"]

1. e4 c6 2. d4 d5 3. e5 Bf5 4. f4 e6 5. Nf3 c5 6. c3 h6 7. Bd3 Bxd3 8. Qxd3 cxd4 9. Nxd4 Nc6 10. Nxc6 bxc6 11. f5 Qh4+ 12. g3 Qh3 13. fxe6 Qxe6 14. Be3 Qxe5 15. Nd2 Bc5 16. O-O-O Bxe3 17. Rhe1 O-O-O 18. Rxe3 Qc7 19. Rde1 Nf6 20. Re7 Rd7 21. Qa6+ Kb8 22. Qa3 Rhd8 23. Nb3 Ne4 24. Nc5 Nxc5 25. Qxc5 Rxe7 26. Rxe7 Rd7 27. Re8+ Rd8 28. Rxd8+ Qxd8 29. Qxc6 Qg5+ 30. Kc2 Qf5+ 31. Kb3 Qe6 32. Qb5+ Kc7 33. Qc5+ Kb7 34. Kb4 Qb6+ 35. Qb5 a6 36. Qxb6+ Kxb6 37. c4 d4 38. c5+ Kc6 39. Kc4 d3 40. Kxd3 Kxc5 41. Ke4 Kc4 42. Ke5 Kd3 43. Kd5 Kc2 44. b4 Kc3 45. Kc5 f5 46. a4 g5 47. b5 axb5 48. axb5 f4 49. gxf4 gxf4 1/2-1/2

[Event "CAN-op"]
[Site "Winnipeg CAN"]
[Date "1997.07.16"]
[Round "6"]
[White "Hjartarson, Johann"]
[Black "Baragar, Fletcher"]
[Result "1-0"]
[WhiteElo "2585"]
[BlackElo "2371"]
[PlyCount "65"]
[GameId "2160767911932672"]
[EventDate "1997.07.12"]
[EventType "swiss"]
[EventRounds "10"]
[EventCountry "CAN"]
[SourceTitle "EXP 60"]
[Source "ChessBase"]
[SourceDate "1997.11.24"]
[SourceVersion "1"]
[SourceVersionDate "1997.11.24"]
[SourceQuality "1"]

1. c4 e5 2. Nc3 Nc6 3. g3 g6 4. Bg2 Bg7 5. e3 d6 6. Nge2 Nge7 7. d3 O-O 8. O-O Be6 9. Nd5 Qd7 10. Rb1 Rae8 11. b4 Nd8 12. Nxe7+ Rxe7 13. Nc3 f5 14. b5 Ref7 15. Qb3 g5 16. f4 h6 17. a4 Kh8 18. Bb2 Rg8 19. Ne2 Qe8 20. Rf2 Re7 21. Qc2 Bc8 22. Rbf1 Qh5 23. c5 Be6 24. cxd6 cxd6 25. fxe5 dxe5 26. Qc5 Rd7 27. Bxe5 Rxd3 28. Nd4 Qe8 29. Nxf5 Bxf5 30. Rxf5 Bxe5 31. Rxe5 Qd7 32. Qe7 Qd6 33. Be4 1-0

[Event "CAN-op"]
[Site "Winnipeg CAN"]
[Date "1997.07.16"]
[Round "6"]
[White "Huczek, George"]
[Black "Shpan, Mike"]
[Result "0-1"]
[WhiteElo "2052"]
[BlackElo "1740"]
[PlyCount "76"]
[GameId "2160767911932675"]
[EventDate "1997.07.12"]
[EventType "swiss"]
[EventRounds "10"]
[EventCountry "CAN"]
[SourceTitle "EXP 60"]
[Source "ChessBase"]
[SourceDate "1997.11.24"]
[SourceVersion "1"]
[SourceVersionDate "1997.11.24"]
[SourceQuality "1"]

1. e4 e5 2. Nf3 d6 3. d4 exd4 4. Nxd4 a6 5. Bd3 Qf6 6. c3 c5 7. Ne2 b5 8. O-O Nc6 9. Re1 Ne5 10. Bc2 Qh4 11. Bf4 Nf6 12. Bg3 Qh6 13. f4 Nc4 14. e5 Ne3 15. Qd2 Nxc2 16. Qxc2 Nh5 17. Qe4 d5 18. Qxd5 Ra7 19. Na3 Bb7 20. Qd2 Qc6 21. Nc1 Nxg3 22. hxg3 Be7 23. Nb3 c4 24. Na5 Qb6+ 25. Kh2 Qxa5 26. Rad1 Bc6 27. Nc2 O-O 28. Nd4 Ba8 29. e6 f5 30. Re5 g6 31. Qe2 Qc7 32. Nxf5 Rxf5 33. Rxf5 gxf5 34. Rd7 Qb8 35. Qh5 Rxd7 36. Qf7+ Kh8 37. exd7 Qf8 38. Qe8 Kg7 0-1

[Event "CAN-op"]
[Site "Winnipeg CAN"]
[Date "1997.07.16"]
[Round "6"]
[White "Kaptsan, Aron"]
[Black "Nickoloff, Bryon"]
[Result "1/2-1/2"]
[WhiteElo "2227"]
[BlackElo "2473"]
[PlyCount "24"]
[GameId "2160767911932676"]
[EventDate "1997.07.12"]
[EventType "swiss"]
[EventRounds "10"]
[EventCountry "CAN"]
[SourceTitle "EXP 60"]
[Source "ChessBase"]
[SourceDate "1997.11.24"]
[SourceVersion "1"]
[SourceVersionDate "1997.11.24"]
[SourceQuality "1"]

1. d4 Nf6 2. c4 e6 3. Nf3 Bb4+ 4. Nbd2 b6 5. g3 Ba6 6. b3 Bb7 7. Qc2 Be4 8. Qb2 Bxf3 9. exf3 d5 10. a3 Be7 11. Bg2 Nbd7 12. O-O Rc8 1/2-1/2

[Event "CAN-op"]
[Site "Winnipeg CAN"]
[Date "1997.07.16"]
[Round "6"]
[White "Khedkar, Jay"]
[Black "Williams, Brian"]
[Result "1-0"]
[WhiteElo "2001"]
[BlackElo "1629"]
[PlyCount "121"]
[GameId "2160767911932677"]
[EventDate "1997.07.12"]
[EventType "swiss"]
[EventRounds "10"]
[EventCountry "CAN"]
[SourceTitle "EXP 60"]
[Source "ChessBase"]
[SourceDate "1997.11.24"]
[SourceVersion "1"]
[SourceVersionDate "1997.11.24"]
[SourceQuality "1"]

1. e4 e6 2. d4 d5 3. e5 c5 4. c3 Nc6 5. Nf3 Qb6 6. a3 cxd4 7. cxd4 Nge7 8. Bd3 Bd7 9. Bc2 Rc8 10. O-O Ng6 11. Nc3 Be7 12. Re1 O-O 13. Ne2 f5 14. exf6 Bxf6 15. Bxg6 hxg6 16. Be3 Qxb2 17. Rb1 Qxa3 18. Rxb7 Rf7 19. Qb1 Be8 20. Nf4 Qd6 21. Rxf7 Bxf7 22. Rc1 g5 23. Ng6 Bxg6 24. Qxg6 Ne7 25. Rxc8+ Nxc8 26. Qe8+ Qf8 27. Qxe6+ Kh8 28. Bxg5 Nb6 29. g3 Qg8 30. Qd6 Nc4 31. Qa6 Qd8 32. h4 Qb6 33. Qc8+ Kh7 34. Qf5+ Kh8 35. Qxd5 Qc7 36. Qe6 Qb7 37. d5 a5 38. Bxf6 gxf6 39. Qxf6+ Qg7 40. Qc6 Qa1+ 41. Kg2 Qa2 42. Qe8+ Kg7 43. Qe7+ Kg8 44. Ng5 Ne3+ 45. Qxe3 Qxd5+ 46. Qe4 Qxe4+ 47. Nxe4 a4 48. Kf3 a3 49. Nc3 Kf7 50. Ke4 Ke6 51. g4 Kf6 52. f4 Kg6 53. Ke5 Kg7 54. f5 Kf7 55. g5 Kf8 56. Kf6 Kg8 57. Ke7 Kg7 58. h5 Kg8 59. f6 a2 60. f7+ Kh7 61. f8=Q 1-0

[Event "CAN-op"]
[Site "Winnipeg CAN"]
[Date "1997.07.16"]
[Round "6"]
[White "Kuczaj, Chris"]
[Black "Sasata, Robert"]
[Result "1/2-1/2"]
[WhiteElo "2102"]
[BlackElo "2317"]
[PlyCount "36"]
[GameId "2160767911932678"]
[EventDate "1997.07.12"]
[EventType "swiss"]
[EventRounds "10"]
[EventCountry "CAN"]
[SourceTitle "EXP 60"]
[Source "ChessBase"]
[SourceDate "1997.11.24"]
[SourceVersion "1"]
[SourceVersionDate "1997.11.24"]
[SourceQuality "1"]

1. d4 d5 2. Nf3 Nf6 3. c4 e6 4. g3 c5 5. Bg2 Nc6 6. O-O dxc4 7. Qa4 Bd7 8. Qxc4 b5 9. Qd3 Rc8 10. dxc5 Bxc5 11. a3 h6 12. Nc3 b4 13. Ne4 Nxe4 14. Qxe4 O-O 15. Be3 Bxe3 16. Qxe3 bxa3 17. Rxa3 Qf6 18. Rc3 Rb8 1/2-1/2

[Event "CAN-op"]
[Site "Winnipeg CAN"]
[Date "1997.07.16"]
[Round "6"]
[White "Lauritson, Jim"]
[Black "Roque, Rodolfo"]
[Result "0-1"]
[WhiteElo "2073"]
[BlackElo "1920"]
[PlyCount "88"]
[GameId "2160767911932679"]
[EventDate "1997.07.12"]
[EventType "swiss"]
[EventRounds "10"]
[EventCountry "CAN"]
[SourceTitle "EXP 60"]
[Source "ChessBase"]
[SourceDate "1997.11.24"]
[SourceVersion "1"]
[SourceVersionDate "1997.11.24"]
[SourceQuality "1"]

1. e4 d6 2. d4 Nd7 3. Nf3 e5 4. Bc4 Nb6 5. Bb3 Bg4 6. c3 Qd7 7. O-O O-O-O 8. dxe5 Qe8 9. Bg5 Be7 10. Be3 dxe5 11. Qe2 Bd6 12. a4 f5 13. Nbd2 Nf6 14. Bxb6 cxb6 15. a5 b5 16. c4 Bb4 17. Qe3 Kb8 18. Bc2 f4 19. Qb3 Bxd2 20. Nxd2 Rxd2 21. cxb5 Qg6 22. a6 b6 23. Qc3 Rd4 24. f3 Rc8 25. Qb3 Bh3 26. Rf2 Nd7 27. Re1 Nc5 28. Qa3 Rcd8 29. Qa1 Nd3 30. Bxd3 Rxd3 31. b4 Qg5 32. Rc1 Rd2 33. Rcf1 Ka8 34. Kh1 Be6 35. Qc1 R2d6 36. Qc7 Bc8 37. Kg1 Qf6 38. Kh1 Qe6 39. Kg1 Qd7 40. Qc3 Qxb5 41. Rc1 Bxa6 42. Rfc2 Rd1+ 43. Rxd1 Rxd1+ 44. Kf2 Qf1# 0-1

[Event "CAN-op"]
[Site "Winnipeg CAN"]
[Date "1997.07.16"]
[Round "6"]
[White "Nogueiras, Jesus"]
[Black "Neven, Knut"]
[Result "1/2-1/2"]
[WhiteElo "2535"]
[BlackElo "2235"]
[PlyCount "74"]
[GameId "2160767911932680"]
[EventDate "1997.07.12"]
[EventType "swiss"]
[EventRounds "10"]
[EventCountry "CAN"]
[SourceTitle "CBM 060 Extra"]
[Source "ChessBase"]
[SourceDate "1997.11.04"]
[SourceVersion "1"]
[SourceVersionDate "1997.11.04"]
[SourceQuality "1"]

1. Nf3 Nf6 2. c4 g6 3. g3 Bg7 4. Bg2 O-O 5. O-O c5 6. d4 cxd4 7. Nxd4 Nc6 8. Nc3 Nxd4 9. Qxd4 d6 10. Bg5 h6 11. Bxf6 Bxf6 12. Qd2 Qa5 13. Rac1 Rb8 14. Rfd1 Bxc3 15. Rxc3 Qg5 16. e3 b6 17. h4 Qe5 18. f4 Qc5 19. Bf3 h5 20. Kh2 Bg4 21. Bxg4 hxg4 22. Qe2 e6 23. Qxg4 b5 24. cxb5 Qxb5 25. b3 Rfc8 26. Rdc1 Rxc3 27. Rxc3 a5 28. Qd1 Ra8 29. Qd3 Qb4 30. Rc4 Qe1 31. Rc2 a4 32. Qd2 Qf1 33. b4 a3 34. Qxd6 Qb1 35. Qd2 Rb8 36. Rc1 Qxb4 37. Qxb4 Rxb4 1/2-1/2

[Event "CAN-op"]
[Site "Winnipeg CAN"]
[Date "1997.07.16"]
[Round "6"]
[White "Ott, Richard"]
[Black "Wu, Cynthia"]
[Result "1-0"]
[WhiteElo "1547"]
[BlackElo "1775"]
[PlyCount "61"]
[GameId "2160767911932681"]
[EventDate "1997.07.12"]
[EventType "swiss"]
[EventRounds "10"]
[EventCountry "CAN"]
[SourceTitle "EXP 60"]
[Source "ChessBase"]
[SourceDate "1997.11.24"]
[SourceVersion "1"]
[SourceVersionDate "1997.11.24"]
[SourceQuality "1"]

1. d4 Nf6 2. c4 g6 3. Nc3 Bg7 4. e4 d6 5. f3 O-O 6. Bg5 Nfd7 7. Nh3 h6 8. Be3 e5 9. d5 f5 10. g3 g5 11. exf5 Rxf5 12. Bd3 Rf8 13. Nf2 a5 14. Qe2 Na6 15. h4 Ndc5 16. Bxc5 Nxc5 17. Bc2 Qf6 18. hxg5 hxg5 19. Nfe4 Nxe4 20. Nxe4 Qg6 21. O-O-O Qf7 22. Nxg5 Qf6 23. Ne6 Bxe6 24. dxe6 Qxe6 25. Qe4 Rab8 26. Qh7+ Kf7 27. Rh5 Rh8 28. Rf5+ Ke8 29. Qxg7 Rg8 30. Qxc7 Rc8 31. Ba4+ 1-0

[Event "CAN-op"]
[Site "Winnipeg CAN"]
[Date "1997.07.16"]
[Round "6"]
[White "Perron, Sean"]
[Black "Baquero, Luis"]
[Result "1/2-1/2"]
[WhiteElo "2154"]
[BlackElo "2365"]
[PlyCount "81"]
[GameId "2160767911932682"]
[EventDate "1997.07.12"]
[EventType "swiss"]
[EventRounds "10"]
[EventCountry "CAN"]
[SourceTitle "EXP 60"]
[Source "ChessBase"]
[SourceDate "1997.11.24"]
[SourceVersion "1"]
[SourceVersionDate "1997.11.24"]
[SourceQuality "1"]

1. d4 Nf6 2. Nf3 g6 3. Bg5 Bg7 4. Nbd2 d6 5. e3 h6 6. Bh4 g5 7. Bg3 Nh5 8. Bd3 e6 9. c3 Qe7 10. a4 a5 11. Nc4 f5 12. Bxd6 cxd6 13. Nb6 g4 14. Nd2 Ra6 15. Nxc8 Qc7 16. Bxa6 bxa6 17. Nc4 d5 18. Qb3 dxc4 19. Qxc4 Kd7 20. Qxc7+ Kxc7 21. Ne7 Bf6 22. Ng6 Rg8 23. Nf4 Nxf4 24. exf4 Nc6 25. g3 h5 26. Kd2 Ne7 27. Rhe1 Kd6 28. Re2 Rb8 29. Kc2 Nd5 30. Rae1 Nc7 31. Kd3 Rg8 32. Ra1 Nd5 33. Ra3 Rb8 34. Ra1 Bg7 35. Rae1 Nc7 36. Ra1 Nd5 37. Rae1 Re8 38. Ra1 Rb8 39. Ra3 Bf6 40. Kc2 Bd8 41. Rb3 1/2-1/2

[Event "CAN-op"]
[Site "Winnipeg CAN"]
[Date "1997.07.16"]
[Round "6"]
[White "Piper, Ron"]
[Black "Babb, Jeff"]
[Result "0-1"]
[WhiteElo "1955"]
[BlackElo "2213"]
[PlyCount "88"]
[GameId "2160767911932683"]
[EventDate "1997.07.12"]
[EventType "swiss"]
[EventRounds "10"]
[EventCountry "CAN"]
[SourceTitle "EXP 60"]
[Source "ChessBase"]
[SourceDate "1997.11.24"]
[SourceVersion "1"]
[SourceVersionDate "1997.11.24"]
[SourceQuality "1"]

1. c4 Nc6 2. Nc3 e5 3. g3 g6 4. Bg2 Bg7 5. d3 d6 6. e4 Nd4 7. Be3 h5 8. h4 Nh6 9. f3 c6 10. Nge2 Qb6 11. Bc1 O-O 12. Na4 Qc7 13. Nac3 Be6 14. Bd2 Kh7 15. Rc1 f5 16. Nxd4 exd4 17. Ne2 fxe4 18. dxe4 Qf7 19. b3 d5 20. cxd5 cxd5 21. O-O dxe4 22. fxe4 Qd7 23. Rxf8 Rxf8 24. Bf4 d3 25. Rc7 dxe2 26. Qxe2 Qd4+ 27. Be3 Qa1+ 28. Rc1 Qe5 29. Bf4 Rxf4 30. gxf4 Qxf4 31. Rd1 Ng4 32. Rd3 Qh2+ 33. Kf1 Qxh4 34. Bh3 Qf6+ 35. Kg2 Qf4 36. Qf3 Qh2+ 37. Kf1 Qxa2 38. Qe2 Qa1+ 39. Kg2 Qe5 40. Bxg4 Bxg4 41. Qe3 h4 42. Rd5 h3+ 43. Kf2 Qh2+ 44. Ke1 Bc3+ 0-1

[Event "CAN-op"]
[Site "Winnipeg CAN"]
[Date "1997.07.16"]
[Round "6"]
[White "Psakhis, Lev"]
[Black "Shabalov, Alexander"]
[Result "1-0"]
[WhiteElo "2611"]
[BlackElo "2618"]
[PlyCount "71"]
[GameId "2160767911932684"]
[EventDate "1997.07.12"]
[EventType "swiss"]
[EventRounds "10"]
[EventCountry "CAN"]
[SourceTitle "EXP 60"]
[Source "ChessBase"]
[SourceDate "1997.11.24"]
[SourceVersion "1"]
[SourceVersionDate "1997.11.24"]
[SourceQuality "1"]

1. e4 d5 2. exd5 Qxd5 3. Nc3 Qa5 4. d4 Nf6 5. Nf3 c6 6. Bc4 Bf5 7. Bd2 Qc7 8. Ne5 e6 9. g4 Bg6 10. Qe2 b5 11. Bd3 Bb4 12. f4 Bxd3 13. Qxd3 Nbd7 14. Ne2 a5 15. O-O-O O-O 16. Kb1 Rfd8 17. Bc1 c5 18. Qxb5 Nxe5 19. dxe5 Nxg4 20. c3 Ba3 21. Rxd8+ Rxd8 22. Rd1 Rb8 23. Qd7 Qxd7 24. Rxd7 c4 25. Nd4 h5 26. Nc6 Rb5 27. Kc2 Bc5 28. a4 Rb6 29. Nxa5 Nxh2 30. Nxc4 Rc6 31. Nd6 h4 32. Nxf7 Nf3 33. Ng5 Nxg5 34. fxg5 h3 35. Rd3 h2 36. Rh3 1-0

[Event "CAN-op"]
[Site "Winnipeg CAN"]
[Date "1997.07.16"]
[Round "6"]
[White "Rasmussen, Barry"]
[Black "Haley, Phil"]
[Result "1-0"]
[WhiteElo "2240"]
[BlackElo "1903"]
[PlyCount "69"]
[GameId "2160767911932685"]
[EventDate "1997.07.12"]
[EventType "swiss"]
[EventRounds "10"]
[EventCountry "CAN"]
[SourceTitle "EXP 60"]
[Source "ChessBase"]
[SourceDate "1997.11.24"]
[SourceVersion "1"]
[SourceVersionDate "1997.11.24"]
[SourceQuality "1"]

1. e4 d5 2. exd5 Qxd5 3. Nc3 Qa5 4. d4 Nf6 5. Nf3 Bf5 6. Bc4 Nbd7 7. O-O c6 8. Qe2 Qc7 9. Ne5 e6 10. Bb3 Bd6 11. f4 Nb6 12. Nd1 c5 13. Ne3 Be4 14. c3 cxd4 15. cxd4 O-O 16. N3g4 Nxg4 17. Qxe4 Nf6 18. Qd3 Rad8 19. Bc2 Nbd5 20. Bd2 g6 21. Rac1 Qb6 22. Nc4 Qc7 23. Bb3 Qb8 24. Ne5 Bc7 25. Bc3 Bb6 26. Rcd1 Nh5 27. g3 Nhf6 28. Kh1 Ne7 29. g4 Ned5 30. f5 Bc7 31. Qe2 exf5 32. gxf5 Nh5 33. fxg6 fxg6 34. Nxg6 hxg6 35. Bxd5+ 1-0

[Event "CAN-op"]
[Site "Winnipeg CAN"]
[Date "1997.07.16"]
[Round "6"]
[White "Repa, Jason"]
[Black "Gentes, Kevin"]
[Result "0-1"]
[WhiteElo "1859"]
[BlackElo "2385"]
[PlyCount "118"]
[GameId "2160767911932686"]
[EventDate "1997.07.12"]
[EventType "swiss"]
[EventRounds "10"]
[EventCountry "CAN"]
[SourceTitle "EXP 60"]
[Source "ChessBase"]
[SourceDate "1997.11.24"]
[SourceVersion "1"]
[SourceVersionDate "1997.11.24"]
[SourceQuality "1"]

1. f4 d5 2. b3 Nf6 3. e3 g6 4. Bb2 Bg7 5. Nf3 O-O 6. c4 c5 7. cxd5 Nxd5 8. Bxg7 Kxg7 9. Bc4 b5 10. Bxd5 Qxd5 11. Nc3 Qb7 12. O-O Nc6 13. Qe2 Bf5 14. h3 a6 15. g4 Be6 16. Ng5 Nb4 17. Nxe6+ fxe6 18. a3 Nc2 19. Ra2 Nxa3 20. Rxa3 b4 21. Ra5 bxc3 22. Rxc5 Rfc8 23. Qc4 cxd2 24. Rxc8 Rxc8 25. Qd4+ Kg8 26. Qxd2 Qxb3 27. Rc1 Rxc1+ 28. Qxc1 a5 29. Kf2 a4 30. Qc8+ Kf7 31. Qh8 Qc2+ 32. Kg3 a3 33. Qxh7+ Ke8 34. Qh8+ Kd7 35. Qd4+ Kc8 36. Qb6 Qc4 37. Qa5 a2 38. Qa8+ Kd7 39. Qa7+ Ke8 40. Qa8+ Kf7 41. Qh8 Qe4 42. Qh7+ Ke8 43. Qh8+ Kd7 44. Qc3 Qb1 45. Qd4+ Kc8 46. Qc5+ Kb8 47. Qe5+ Kb7 48. Qxe6 a1=Q 49. Qxe7+ Kc6 50. Qe6+ Kc5 51. Qc8+ Kd5 52. Qd7+ Kc4 53. Qc6+ Kd3 54. Qxg6+ Kxe3 55. Qe6+ Qe4 56. Qb3+ Ke2 57. Qb5+ Qd3+ 58. Qxd3+ Kxd3 59. Kh4 Ke4 0-1

[Event "CAN-op"]
[Site "Winnipeg CAN"]
[Date "1997.07.16"]
[Round "6"]
[White "Sasikiran, Krishnan"]
[Black "Kirton, Dale"]
[Result "1-0"]
[WhiteElo "2430"]
[BlackElo "2240"]
[PlyCount "37"]
[GameId "2160767911932687"]
[EventDate "1997.07.12"]
[EventType "swiss"]
[EventRounds "10"]
[EventCountry "CAN"]
[SourceTitle "EXP 60"]
[Source "ChessBase"]
[SourceDate "1997.11.24"]
[SourceVersion "1"]
[SourceVersionDate "1997.11.24"]
[SourceQuality "1"]

1. d4 Nf6 2. Nf3 e6 3. Bg5 c5 4. e3 b6 5. d5 d6 6. Nc3 e5 7. Bb5+ Bd7 8. Nd2 a6 9. Bxf6 Qxf6 10. Bxd7+ Nxd7 11. g4 Qd8 12. Qf3 Be7 13. Nce4 b5 14. h4 Nb6 15. Ng3 Qd7 16. Nf5 Bf8 17. Ne4 O-O-O 18. Rd1 Rg8 19. Nh6 1-0

[Event "CAN-op"]
[Site "Winnipeg CAN"]
[Date "1997.07.16"]
[Round "6"]
[White "Spraggett, Kevin"]
[Black "Lipnowski, Irwin"]
[Result "1-0"]
[WhiteElo "2617"]
[BlackElo "2382"]
[PlyCount "61"]
[GameId "2160767911932689"]
[EventDate "1997.07.12"]
[EventType "swiss"]
[EventRounds "10"]
[EventCountry "CAN"]
[SourceTitle "EXP 60"]
[Source "ChessBase"]
[SourceDate "1997.11.24"]
[SourceVersion "1"]
[SourceVersionDate "1997.11.24"]
[SourceQuality "1"]

1. c4 g6 2. g3 Bg7 3. Bg2 c5 4. e3 Nf6 5. Nc3 O-O 6. Nge2 d6 7. d4 Nbd7 8. O-O Rb8 9. b3 a6 10. a4 b6 11. Bb2 Bb7 12. d5 Ne8 13. Qc2 Qc7 14. e4 Nef6 15. h3 Rbd8 16. Rad1 Rfe8 17. Bc1 e5 18. f4 exf4 19. gxf4 Nh5 20. Bd2 Bc8 21. Be1 Nf8 22. Bh4 f5 23. Bxd8 Qxd8 24. Qd2 fxe4 25. Nxe4 Rxe4 26. Bxe4 Bxh3 27. Qe3 Bg4 28. Bf3 Bf5 29. Kg2 Nd7 30. Rh1 Ndf6 31. Rh4 1-0

[Event "CAN-op"]
[Site "Winnipeg CAN"]
[Date "1997.07.16"]
[Round "6"]
[White "Stefansson, Hannes"]
[Black "Fielding, Gerald"]
[Result "1-0"]
[WhiteElo "2545"]
[BlackElo "2213"]
[PlyCount "93"]
[GameId "2160767911932690"]
[EventDate "1997.07.12"]
[EventType "swiss"]
[EventRounds "10"]
[EventCountry "CAN"]
[SourceTitle "EXP 60"]
[Source "ChessBase"]
[SourceDate "1997.11.24"]
[SourceVersion "1"]
[SourceVersionDate "1997.11.24"]
[SourceQuality "1"]

1. e4 c5 2. Nf3 Nc6 3. d4 cxd4 4. Nxd4 e6 5. Nc3 Qc7 6. Be2 a6 7. O-O Nf6 8. Be3 Be7 9. f4 d6 10. a4 Bd7 11. Kh1 O-O 12. Bf3 b6 13. Nde2 Rad8 14. Qe1 Nb4 15. Rc1 Bc6 16. b3 d5 17. e5 Ne4 18. Bxe4 dxe4 19. Qf2 Rb8 20. Bd4 f5 21. exf6 Bxf6 22. Bxf6 Rxf6 23. Qd4 Nd5 24. Nxe4 Rg6 25. f5 exf5 26. Rxf5 Rd8 27. N2g3 b5 28. axb5 axb5 29. Rd1 Rd7 30. Qf2 Nf6 31. Rf1 Qd8 32. Kg1 Rd1 33. Nxf6+ gxf6 34. Qc5 Rxf1+ 35. Rxf1 Qe8 36. Qd4 Qe5 37. Qxe5 fxe5 38. Re1 h5 39. Rxe5 h4 40. Ne4 Kf7 41. Kf2 Rg8 42. Ng5+ Kg7 43. Nf3 Rf8 44. Rh5 Be4 45. Rxh4 Bxc2 46. Rb4 Bd3 47. h4 1-0

[Event "CAN-op"]
[Site "Winnipeg CAN"]
[Date "1997.07.16"]
[Round "6"]
[White "Teodoro, Eduardo"]
[Black "Brasket, Curt"]
[Result "1-0"]
[WhiteElo "2350"]
[BlackElo "2230"]
[PlyCount "79"]
[GameId "2160767911932691"]
[EventDate "1997.07.12"]
[EventType "swiss"]
[EventRounds "10"]
[EventCountry "CAN"]
[SourceTitle "CBM 060 Extra"]
[Source "ChessBase"]
[SourceDate "1997.11.04"]
[SourceVersion "1"]
[SourceVersionDate "1997.11.04"]
[SourceQuality "1"]

1. e4 Nf6 2. e5 Nd5 3. d4 d6 4. exd6 cxd6 5. Bd3 g6 6. c4 Nc7 7. Ne2 Bg7 8. Nbc3 Nc6 9. Be3 O-O 10. O-O e5 11. d5 Ne7 12. f3 f5 13. f4 Kh8 14. Bc2 Ne8 15. fxe5 dxe5 16. d6 Nxd6 17. Bc5 Nxc4 18. Qxd8 Rxd8 19. Bxe7 Rd7 20. Rfd1 e4 21. Rxd7 Bxd7 22. Rd1 Bc6 23. b4 Ne3 24. Rc1 Rc8 25. Bb3 Ng4 26. Rd1 Bh6 27. h3 Re8 28. Bh4 Ne3 29. Rd6 f4 30. Bf6+ Bg7 31. Bxg7+ Kxg7 32. Nxf4 Nf5 33. Rd1 Re7 34. b5 Be8 35. g4 Nh4 36. Ne6+ Kh6 37. Nxe4 g5 38. N4xg5 Bxb5 39. Kf2 Ng6 40. Kg3 1-0